K problematike mechanickej cirkulárnej anastomózy GIT ; Š. Jablonický, J. Paulík, R. Moravec, S. Haruštiak

Podrobná bibliografia
Hlavní autori: Jablonický, Š. (Autor), Paulík, J. (Autor), Moravec, Rudolf, 1930-2008 (Autor), Haruštiak, Svetozár, 1944- (Autor)
Médium: Článok
Jazyk:slovenčina
Fyzický popis:Obr. 4. Res. rus., angl., lit. 11 zázn. v slov., angl., nem., ruš.
Predmet:

MARC

LEADER 00000nab a2200000 a 4500
001 vtls000239014
003 SK-MaSNL
005 20260303172118.0
008 220422c1985 xo 0 slo
015 |a SNBRB19rr/mm-uuuuu 
035 |a CL0249128 
040 |a SNKBUCL  |b slo  |c SNKBUCL  |e AACR2 
041 0 |a slo 
044 |a xo  |c SK 
080 |a 616.3-089.27  |2 1981 
245 0 0 |a K problematike mechanickej cirkulárnej anastomózy GIT ; Š. Jablonický, J. Paulík, R. Moravec, S. Haruštiak 
300 |b Obr. 4. Res. rus., angl., lit. 11 zázn. v slov., angl., nem., ruš. 
650 0 7 |a gastroenterochirurgia  |2 snkbucl  |9 1197201 
650 0 7 |a anastomóza cirkulárna  |2 snkbucl  |9 1197202 
655 7 |a články z novín a časopisov  |2 snkbucl  |9 267496 
700 1 |a Jablonický, Š.  |4 aut  |9 693652 
700 1 |a Paulík, J.  |4 aut  |9 1014192 
700 1 |a Moravec, Rudolf,  |d 1930-2008  |4 aut  |9 91300 
700 1 |a Haruštiak, Svetozár,  |d 1944-  |4 aut  |9 7437 
773 0 |t Rozhledy v chirurgii  |g Roč. 64, č. 10 (1985), s. 672-678 
850 |a Slovenská národná knižnica v Martine  |a MTA001 
852 |a SNK  |b KIS3GCP 
958 |a NB 
958 |a RK 
958 |a ME 
992 |a RBX 
999 |c 2084994  |d 2086924